Index of Industtrial Production (Record no. 507116)

000 -LEADER
fixed length control field 00326nam a22000977a 4500
082 ## - DEWEY DECIMAL CLASSIFICATION NUMBER
Classification number T13x5451 I
100 ## - MAIN ENTRY--PERSONAL NAME
Personal name Directorate of Economics and Statistics
9 (RLIN) 721
245 ## - TITLE STATEMENT
Title Index of Industtrial Production
Statement of responsibility, etc by Andhra Pradesh
260 ## - PUBLICATION, DISTRIBUTION, ETC. (IMPRINT)
Place of publication, distribution, etc Government of Andhra Pradesh
Name of publisher, distributor, etc Directorate of Economics and Statistics
Date of publication, distribution, etc 2011
300 ## - PHYSICAL DESCRIPTION
Extent 56p.

No items available.

Powered by Koha